Capital Cities in Washington D.C. - Statistics

General Stats
  • This quiz has been taken 45 times
  • The average score is 9 of 12
Answer Stats
Hint Answer % Correct
A Abu Dhabi /Abuja /Accra /Addis Ababa /Algiers /Amman/ Amsterdam /Andorra La Vella /Ankara/ Antananarivo/ Apia /Ashgabat /Asmara /Astana /Asunción/ Athens
89%
W Warsaw / Wellington/ Windhoek/Washington D.C.
89%
S San José /San Marino /San Salvador/ Sanaá /Santiago /Santo Domingo/ Sarajevo/ Seoul/ Singapore/ Skopje /Sofia /South Tarawa/ Sri Jayawardenepura/ St. George's /St. John's /Stockholm /Suva /São Tomé
84%
O Oslo /Ottawa /Ouagadougou
73%
T Taipei /Tallinn/ Tashkent/ Tbilisi /Tegucigalpa /Tehran /Thimphu /Tirana /Tokyo/ Tripoli /Tunis
73%
D Dakar /Damascus /Dhaka /Dili /Djibouti /Dodoma /Doha /Dublin /Dushanbe
68%
N N'djamena/ Nairobi/ Nassau /Naypyidaw /New Delhi /Niamey /Nicosia /Nouakchott /Nukuʻalofa
68%
N N'djamena/ Nairobi/ Nassau /Naypyidaw /New Delhi /Niamey /Nicosia /Nouakchott /Nukuʻalofa
68%
C Cairo /Canberra /Caracas /Castries /Chisinau /Conakry /Copenhagen
65%
H Hanoi /Harare/ Havana/ Helsinki/ Honiara
65%
I Islamabad
65%
G Gaborone /Georgetown/ Guatemala City
59%
No matching quizzes found
Score Distribution
Percent of People with Each Score
Percentile by Number Answered
Your Score History
You have not taken this quiz